000 00751nam a2200241 i 4500
001 185110
003 ES-MaACL
005 20240825063043.0
008 160322s1966 xxua |||| |deng d
080 _a1(091)
100 1 _aRussell, Bertrand,
_d1872-1970
_9101033
245 1 0 _aWisdom of the West /
_cby Bertrand Russell ; edited by Dr. Paul Foulkes.
250 _a2ª pr.
260 _aNew York :
_bFawcett World Library,
_c1966.
300 _a416 p. :
_bil. ;
_c18 cm.
490 1 _aPremier books ;
_v211
500 _aÍndice.
650 4 _aFilosofía-
_vHistoria.
_9158248
700 1 _aFoulkes, Paul.
_9159187
830 0 _aPremier books ;
_v211
_9225173
852 _aES-MaACL
_jL-30284
999 _c185110
_d185110